[Event "Festival - Open A"]
[Site "Porto San Giorgio ITA"]
[Date "2007.08.25"]
[Round "5"]
[White "Bontempi, Piero"]
[Black "Krivoshey, Sergei"]
[Result "1/2-1/2"]
[WhiteElo "2349"]
[BlackElo "2445"]
[PlyCount "69"]
[EventDate "2007.08.21"]
[Source "www.chesslib.no"]
[SourceDate "2004.05.04"]

1. e4 e6 2. d4 d5 3. Bd3 dxe4 4. Bxe4 c5 5. c3 Nf6 6. Bd3 cxd4 7. cxd4 Nc6 8. Nf3 Nb4 9. Be2 Be7 10. O-O O-O 11. a3 Nc6 12. Nc3 b6 13. Bd3 Bb7 14. Bg5 Nd5 15. Bd2 Nxc3 16. bxc3 Bf6 17. Re1 Rc8 18. Re3 g6 19. h4 Na5 20. h5 Nc4 21. Bxc4 Rxc4 22. hxg6 hxg6 23. Ne5 Rc7 24. Qg4 Kg7 25. Rh3 Rh8 26. Rxh8 Qxh8 27. Bg5 Bxg5 28. Qxg5 Qh6 29. Qd8 Rxc3 30. Qd7 Rc1+ 31. Rxc1 Qxc1+ 32. Kh2 Qf4+ 33. Kg1 Qc1+ 34. Kh2 Qf4+ 35. Kg1 1/2-1/2

[Event "Amsterdam m1"]
[Site "?"]
[Date "2004.07.18"]
[Round "2"]
[White "Pavlovic Milos"]
[Black "Gazic Josip"]
[Result "1-0"]
[WhiteElo "2545"]
[BlackElo "2248"]
[PlyCount "91"]
[EventDate "2004.??.??"]
[Source "www.chesslib.no"]
[SourceDate "2004.05.04"]

1. e4 e6 2. d4 b6 3. Nf3 Bb7 4. Bd3 Nf6 5. Qe2 d5 6. e5 Ne4 7. Nbd2 Nxd2 8. Bxd2 Be7 9. O-O h6 10. b4 Qc8 11. Rac1 Nc6 12. a3 a5 13. b5 Na7 14. a4 Qd7 15. Be3 c6 16. Nd2 cxb5 17. axb5 Ba3 18. Rb1 Bb4 19. Rfc1 Rc8 20. Nf1 Bc3 21. Ng3 g6 22. h4 Qe7 23. h5 g5 24. Qg4 Rc7 25. Ne2 Bb4 26. Rf1 Qd8 27. f4 Be7 28. f5 Bc8 29. Rbd1 Bd7 30. c4 dxc4 31. Be4 Qc8 32. d5 exf5 33. Rxf5 Bc5 34. Bxc5 Rxc5 35. Nd4 Nxb5 36. e6 fxe6 37. Nxe6 Bxe6 38. dxe6 Rxf5 39. Qxf5 Qc5+ 40. Qxc5 bxc5 41. Rd7 O-O 42. Bh7+ Kh8 43. e7 Re8 44. Rd8 Kxh7 45. Rxe8 Nd6 46. Rd8 1-0

[Event "Independence Cup"]
[Site "Kyiv"]
[Date "2003.08.17"]
[Round "5"]
[White "Sikula, Vaszilij"]
[Black "Tchoubar, Vladimir"]
[Result "1-0"]
[WhiteElo "2419"]
[BlackElo "2373"]
[PlyCount "67"]
[EventDate "2003.08.13"]
[Source "Roberto Alvarez"]
[SourceDate "2003.09.08"]

1. e4 e6 2. d4 d5 3. exd5 Qxd5 4. Nf3 Nf6 5. c4 Qa5+ 6. Bd2 Qh5 7. Be2 c5 8. O-O cxd4 9. Nxd4 Qe5 10. Nb5 a6 11. Bc3 Qc5 12. Bd4 Qe7 13. Qa4 Nc6 14. Bb6 Qb4 15. Nc7+ Kd7 16. Qd1+ Bd6 17. Nxa8 Ke7 18. Be3 Qxb2 19. Qd2 Qe5 20. f4 Qf5 21. Nb6 Ne4 22. Qd3 Nb4 23. Qb3 Bc5 24. Bf3 Nc2 25. Bxe4 Nxa1 26. Nxc8+ Kf8 27. Bxf5 Nxb3 28. Bxc5+ Nxc5 29. Rd1 Ke8 30. Bc2 f6 31. Nc3 Kf7 32. Nd6+ Ke7 33. Nce4 Nxe4 34. Bxe4 1-0

[Event "Romanian Open"]
[Site "Predeal ROM"]
[Date "2007.08.15"]
[Round "6"]
[White "Rusan, P."]
[Black "Nanu, C."]
[Result "1-0"]
[WhiteElo "2279"]
[BlackElo "2507"]
[PlyCount "114"]
[EventDate "2007.08.11"]
[Source "www.chesslib.no"]
[SourceDate "2004.05.04"]

1. e4 e6 2. d4 c5 3. c3 Nf6 4. Bd3 cxd4 5. cxd4 Nc6 6. e5 Nd5 7. Nf3 Bb4+ 8. Kf1 d6 9. a3 Ba5 10. Bg5 Nde7 11. Nc3 dxe5 12. dxe5 h6 13. Bxe7 Qxe7 14. Nb5 Bc7 15. Qa4 Bb8 16. Nbd4 Bd7 17. Nxc6 Bxc6 18. Bb5 Bxb5+ 19. Qxb5+ Qd7 20. Qxd7+ Kxd7 21. Ke2 Bc7 22. Rhd1+ Ke7 23. Rac1 Rac8 24. Rc4 Bb8 25. Rcd4 Rc7 26. h4 Rhc8 27. Ne1 g6 28. f4 a6 29. g3 Ba7 30. R4d2 Ke8 31. Ng2 Rc2 32. Ne3 Rxd2+ 33. Rxd2 h5 34. Nd1 Bb6 35. Nc3 Ba5 36. Rd3 Bxc3 37. Rxc3 Rxc3 38. bxc3 Kd7 39. Kd3 Kc6 40. Kc4 a5 41. a4 b6 42. Kd4 b5 43. axb5+ Kxb5 44. c4+ Kb4 45. c5 Kb5 46. c6 Kxc6 47. Kc4 Kb6 48. Kb3 Kb5 49. Ka3 a4 50. Ka2 Kb4 51. Kb2 a3+ 52. Ka2 Ka4 53. Ka1 Kb3 54. Kb1 a2+ 55. Ka1 Ka3 56. f5 gxf5 57. g4 hxg4 1-0

[Event "Corr"]
[Site "?"]
[Date "2002.01.30"]
[Round "?"]
[White "Vetter Gerhard"]
[Black "Zenner Claus"]
[Result "1-0"]
[WhiteElo "2438"]
[BlackElo "2347"]
[PlyCount "103"]
[EventDate "2002.??.??"]
[Source "www.chesslib.no"]
[SourceDate "2004.05.04"]

1. e4 e6 2. d4 a6 3. Nf3 b5 4. Bd3 Bb7 5. a4 b4 6. O-O Nf6 7. Re1 Be7 8. c3 O-O 9. e5 Ne8 10. Nbd2 f5 11. Nb3 a5 12. Bc4 Kh8 13. cxb4 axb4 14. Bd2 Na6 15. Bxa6 Bxa6 16. Nc5 Bc4 17. Bxb4 Rb8 18. Ba5 Qc8 19. b4 Ra8 20. Re3 Bd5 21. Ne1 d6 22. Ncd3 f4 23. Re2 Qb7 24. f3 Qa7 25. Nf2 dxe5 26. dxe5 c5 27. Ned3 g5 28. Kh1 c4 29. Ne1 Ng7 30. Nc2 Nf5 31. Qd2 Rg8 32. Qc3 h5 33. Nh3 Kh7 34. Rd2 Qb8 35. b5 Bc5 36. Bb4 Ba7 37. Bd6 Qb7 38. Nb4 Ne3 39. Nxd5 exd5 40. Qb4 d4 41. a5 d3 42. b6 Bxb6 43. Bc5 Qd5 44. Bxb6 Qxe5 45. Re1 Rab8 46. Nf2 Rgc8 47. Qa4 Kh6 48. Nxd3 Qc3 49. Qb4 Qxb4 50. Nxb4 c3 51. Rd6+ Kh7 52. Rc1 1-0

[Event "SWE-ch"]
[Site "Degerfors"]
[Date "1978.??.??"]
[Round "?"]
[White "Ornstein, Axel"]
[Black "Karlsson, Lars"]
[Result "1/2-1/2"]
[WhiteElo "2425"]
[BlackElo "2360"]
[PlyCount "90"]
[EventDate "1978.07.??"]
[Source "ChessBase"]

1. e4 e6 2. d4 b6 3. c4 Qh4 4. Bd3 Bb7 5. Nd2 Nf6 6. Ngf3 Qg4 7. O-O Bb4 8. h3 Qh5 9. d5 exd5 10. exd5 O-O 11. a3 Bxd2 12. Bxd2 d6 13. Nd4 Qxd1 14. Rfxd1 Nbd7 15. b4 Ne5 16. Bf1 Ne4 17. Be1 Rfe8 18. f3 Nf6 19. Bc3 Ba6 20. Nb5 Bxb5 21. cxb5 Re7 22. Kf2 h5 23. h4 Neg4+ 24. Kg1 Ne3 25. Bxf6 gxf6 26. Rd2 Re5 27. Rc1 Rc8 28. Bc4 Rce8 29. Kf2 R8e7 30. g3 Kf8 31. Be2 Nf5 32. Bf1 Ne3 33. Be2 Nxd5 34. f4 Re3 35. Bxh5 Rc3 36. Rdd1 Rxc1 37. Rxc1 Ne3 38. Bf3 d5 39. Re1 d4 40. Re2 Rd7 41. Rd2 Nc4 42. Rd3 f5 43. Bd1 Ke7 44. a4 Kf6 45. Bb3 Ne3 1/2-1/2

[Event "ch-DEN"]
[Site "Koge"]
[Date "2004.04.04"]
[Round "1.1"]
[White "El Kher, Henrik"]
[Black "Fries Nielsen, Niels Jorgen"]
[Result "1/2-1/2"]
[WhiteElo "2404"]
[BlackElo "2380"]
[PlyCount "70"]
[EventDate "2004.04.04"]
[Source "Roberto Alvarez"]
[SourceDate "2004.04.12"]

1. e4 e6 2. d4 d6 3. f4 g6 4. Nf3 Bg7 5. Bd3 Ne7 6. Nc3 Na6 7. Be3 c6 8. Qd2 Qa5 9. e5 Nb4 10. Be2 Nf5 11. Bf2 dxe5 12. dxe5 O-O 13. Rd1 Nd5 14. O-O Nxc3 15. Qxc3 Qxc3 16. bxc3 b6 17. a4 Ne7 18. c4 Ba6 19. Nd4 Rfd8 20. a5 Bf8 21. axb6 axb6 22. Rb1 c5 23. Nb5 Bxb5 24. Rxb5 Nc8 25. Bd3 Be7 26. g4 Ra6 27. Rfb1 Rd7 28. f5 Bd8 29. R5b3 Bc7 30. Re1 Ne7 31. fxe6 fxe6 32. Be4 Ra4 33. Rd3 Rxd3 34. Bxd3 Nc6 35. Bg3 Ra2 1/2-1/2

[Event "Festival Adriatico Ionio 2009"]
[Site "Ancona ITA"]
[Date "2009.01.03"]
[Round "2"]
[White "Bontempi, Piero"]
[Black "Skembris, Spyridon"]
[Result "0-1"]
[WhiteElo "2365"]
[BlackElo "2413"]
[PlyCount "104"]
[EventDate "2009.01.02"]
[Source "www.chesslib.no"]
[SourceDate "2004.05.04"]

1. e4 e6 2. d4 d5 3. Bd3 dxe4 4. Bxe4 Nf6 5. Bd3 c5 6. c3 Nc6 7. Nf3 cxd4 8. cxd4 g6 9. Bb5 Bd7 10. O-O Bg7 11. Bf4 O-O 12. Bd6 Ne7 13. Be2 Bc6 14. Ba3 Nd7 15. Nc3 Re8 16. Re1 Qb6 17. Qd2 Rad8 18. Rad1 Bxf3 19. Bxf3 Ne5 20. Be2 Rxd4 21. Qc2 Nf5 22. Nb5 Rxd1 23. Rxd1 Nc6 24. Bc5 Qa5 25. a3 Rd8 26. b4 Rxd1+ 27. Qxd1 Qd8 28. Qxd8+ Nxd8 29. Bxa7 Nc6 30. Bb6 Nfd4 31. Nxd4 Bxd4 32. Bc7 Bb2 33. a4 Nxb4 34. Bf3 Nd5 35. Bd6 f5 36. Be2 Kf7 37. Bb5 Bd4 38. a5 Nc3 39. Bd7 Bxf2+ 40. Kf1 Ba7 41. Bc8 b6 42. Be5 Nd5 43. Bd4 Ke7 44. Bb7 Kd6 45. Bxd5 Kxd5 46. axb6 Bxb6 47. Bg1 Kc6 48. Ke2 Bd8 49. Kd3 e5 50. h3 Be7 51. Bh2 e4+ 52. Kd4 Bc5+ 0-1

[Event "Campionato europeo 2007"]
[Site "Dresda GER"]
[Date "2007.04.14"]
[Round "11.118"]
[White "Koepke, Christian"]
[Black "Williams, Simon"]
[Result "0-1"]
[WhiteElo "2290"]
[BlackElo "2487"]
[PlyCount "72"]
[EventDate "2007.04.03"]
[Source "www.chesslib.no"]
[SourceDate "2004.05.04"]

1. e4 e6 2. d4 b6 3. Bd3 Bb7 4. Nf3 d6 5. O-O Nd7 6. c4 Ne7 7. Nc3 g6 8. Re1 Bg7 9. Bf1 h6 10. Be3 O-O 11. Rc1 f5 12. exf5 Nxf5 13. d5 e5 14. Ne4 a5 15. b3 Nc5 16. Nfd2 c6 17. dxc6 Bxc6 18. Bxc5 dxc5 19. Rc3 Qe8 20. Rd3 Rd8 21. Nb1 Nd4 22. Nbc3 Qf7 23. Rd2 Kh8 24. Bd3 Qf4 25. Re3 h5 26. Ne2 Qh6 27. N2c3 h4 28. Qg4 Bd7 29. Qg5 Bf5 30. Rd1 Qxg5 31. Nxg5 Bh6 32. Nge4 Bxe3 33. fxe3 Bxe4 34. Nxe4 Nf5 35. Kf2 Ng3+ 36. Ke1 Rxd3 0-1

[Event "Cup S.T.Lee"]
[Site "Beijing CHN"]
[Date "1995.??.??"]
[Round "1"]
[White "Yin Hao"]
[Black "Mariano, Nelson"]
[Result "1/2-1/2"]
[WhiteElo "2265"]
[BlackElo "2510"]
[PlyCount "71"]
[EventDate "1995.??.??"]
[Source "www.chesslib.no"]
[SourceDate "2004.05.04"]

1. e4 e6 2. d4 b6 3. Bd3 Bb7 4. Nf3 d6 5. O-O Nd7 6. b3 g6 7. Bb2 Bg7 8. Nbd2 Ne7 9. c4 O-O 10. Qe2 e5 11. Rad1 c5 12. d5 h6 13. Ne1 f5 14. f3 Bc8 15. Rf2 Nf6 16. g3 fxe4 17. Nxe4 Nf5 18. Ng2 a5 19. f4 Nd4 20. Bxd4 exd4 21. Nxf6+ Qxf6 22. Nh4 Bf5 23. Nxf5 gxf5 24. Re1 a4 25. Qe6+ Qxe6 26. Rxe6 axb3 27. axb3 Ra3 28. Rb2 Ra1+ 29. Kf2 Rd1 30. Ke2 Rh1 31. Kf3 Rd1 32. Be2 Rc1 33. Rd2 Rf6 34. Re8+ Rf8 35. Re6 Rf6 36. Re8+ 1/2-1/2

[Event "Bielsko Biala"]
[Site "Bielsko Biala"]
[Date "1988.??.??"]
[Round "11"]
[White "Gizynski, Tomasz"]
[Black "Bany, Jerzy"]
[Result "1/2-1/2"]
[WhiteElo "2325"]
[BlackElo "2450"]
[PlyCount "46"]
[EventDate "1988.??.??"]
[Source "www.chesslib.no"]
[SourceDate "2004.05.04"]

1. e4 e6 2. d4 d5 3. Bd3 dxe4 4. Bxe4 Nf6 5. Bf3 c5 6. Ne2 Nc6 7. c3 cxd4 8. cxd4 Be7 9. Nbc3 O-O 10. O-O Nb4 11. Qb3 Nbd5 12. Rd1 b6 13. Nxd5 Nxd5 14. Nc3 Bb7 15. Nxd5 Bxd5 16. Bxd5 Qxd5 17. Qxd5 exd5 18. Be3 Bf6 19. Rac1 Rfc8 20. Kf1 Kf8 21. Ke2 Ke7 22. Kd3 Ke6 23. Rxc8 Rxc8 1/2-1/2

[Event "Umel"]
[Site "?"]
[Date "1997.??.??"]
[Round "1"]
[White "Dochev Dimitar"]
[Black "Laveryd Peter"]
[Result "1/2-1/2"]
[WhiteElo "2385"]
[BlackElo "2390"]
[PlyCount "43"]
[EventDate "1997.??.??"]
[Source "www.chesslib.no"]
[SourceDate "2004.05.04"]

1. e4 e6 2. d4 a6 3. Bd3 c5 4. Nf3 b5 5. c3 Bb7 6. O-O Nf6 7. Qe2 Nc6 8. Nbd2 cxd4 9. cxd4 Nb4 10. Bb1 Qc7 11. a3 Nc2 12. Ra2 b4 13. e5 Nd5 14. Nb3 Nxa3 15. bxa3 Nc3 16. Qc2 Be4 17. Qxe4 Nxe4 18. Bxe4 Rb8 19. Rc2 Qd8 20. a4 Be7 21. Bb2 Rc8 22. Rd2 1/2-1/2

[Event "JUG Team Ch Cup"]
[Site "Becici"]
[Date "1994.??.??"]
[Round "?"]
[White "Kosanovic, Goran A"]
[Black "Stamenkovic, Zoran"]
[Result "1/2-1/2"]
[WhiteElo "2370"]
[BlackElo "2405"]
[PlyCount "95"]
[EventDate "1994.??.??"]
[Source "www.chesslib.no"]
[SourceDate "2004.05.04"]

1. e4 e6 2. d4 d6 3. Nc3 Nf6 4. Bg5 Be7 5. e5 Nfd7 6. h4 a6 7. Qg4 Bxg5 8. hxg5 c5 9. g6 f5 10. Qg3 h6 11. O-O-O cxd4 12. Nce2 d3 13. Rxd3 Nc6 14. f4 Nc5 15. Rd1 O-O 16. Nf3 Ne4 17. Qe1 Qe8 18. Nh4 Ne7 19. g3 Nxg6 20. Nxg6 Qxg6 21. Bg2 b5 22. Bf3 Qf7 23. Nd4 Bd7 24. Kb1 a5 25. Rg1 h5 26. Qe2 g6 27. Bxe4 fxe4 28. Nxb5 Bc6 29. Nxd6 Qa7 30. Rh1 Rfb8 31. c4 Rb4 32. Nb5 Bxb5 33. cxb5 Rb8 34. Rd6 R4xb5 35. Rhd1 Qc5 36. b3 a4 37. Rd8+ Kg7 38. Rxb8 Rxb8 39. Qc2 Qb6 40. Kb2 axb3 41. axb3 Ra8 42. Qc3 Kh6 43. Rd4 Qa7 44. Ra4 Qb7 45. Rxa8 Qxa8 46. Qc5 h4 47. Qe7 hxg3 48. Qg5+ 1/2-1/2

[Event "ALBACETE Ch"]
[Site "?"]
[Date "2002.??.??"]
[Round "2"]
[White "Gomez Jurado Luis Alberto"]
[Black "Garcia David"]
[Result "0-1"]
[WhiteElo "2252"]
[BlackElo "2519"]
[PlyCount "106"]
[EventDate "2002.??.??"]
[Source "www.chesslib.no"]
[SourceDate "2004.05.04"]

1. e4 e6 2. d4 d5 3. exd5 Qxd5 4. Nf3 Nf6 5. c4 Qd8 6. a3 c5 7. Nc3 cxd4 8. Qxd4 Qxd4 9. Nxd4 a6 10. Be2 Bd7 11. Bf3 e5 12. Nc2 Bc6 13. Bxc6+ Nxc6 14. Be3 Na5 15. Nd5 Nxd5 16. cxd5 Nc4 17. b3 Nd6 18. O-O Rc8 19. Rac1 Kd7 20. a4 Nf5 21. Rfd1 Bd6 22. Bd2 Ne7 23. Ne3 b5 24. axb5 axb5 25. Ra1 Ra8 26. Kf1 f5 27. Bc3 Rhc8 28. Bb2 h5 29. g3 g5 30. Ng2 Rxa1 31. Bxa1 Rc2 32. Ne1 Ra2 33. Nf3 Ng6 34. Nxg5 Bc5 35. Nh3 Kd6 36. Bc3 b4 37. Be1 Rb2 38. Ra1 Kxd5 39. Ra6 Ne7 40. Ng5 Nc6 41. Nh7 Be7 42. h4 Rxb3 43. Ng5 Ra3 44. Rb6 Bc5 45. Rb7 Ra7 46. Rxa7 Bxa7 47. Ke2 Kc4 48. Kd1 Kd3 49. Nf3 b3 50. Nd2 b2 51. Nb1 Bd4 52. Na3 e4 53. Nb1 Ne5 0-1